|
|
|
|
| LEADER |
01967nam a2200517 a 4500 |
| 001 |
nkc20112167837 |
| 003 |
CZ PrNK |
| 005 |
20110608094048.0 |
| 007 |
ta |
| 008 |
110222s2011 xr abe g f 000 0 cze |
| 015 |
|
|
|a cnb002167837
|
| 020 |
|
|
|a 978-80-87172-06-3
|q (Balustráda :
|q brož.)
|z 978-80-87172-05-3
|
| 035 |
|
|
|a (OCoLC)730407399
|
| 040 |
|
|
|a BOA001
|b cze
|d ABA001
|
| 043 |
|
|
|a e-xr---
|b e-xr-kr
|2 czenas
|
| 045 |
|
|
|a q-r-
|
| 072 |
|
7 |
|a 72
|x Architektura
|2 Konspekt
|9 21
|
| 080 |
|
|
|a 72.033
|2 MRF
|
| 080 |
|
|
|a 726.54
|2 MRF
|
| 080 |
|
|
|a 726.71
|2 MRF
|
| 080 |
|
|
|a 94(437.313)
|2 MRF
|
| 080 |
|
|
|a (036)
|2 MRF
|
| 100 |
1 |
|
|a Bláha, Radek,
|d 1976-
|7 xx0057564
|4 aut
|
| 245 |
1 |
0 |
|a Putování po hradeckých středověkých kostelech a klášterech /
|c Radek Bláha
|
| 250 |
|
|
|a 1. vyd.
|
| 260 |
|
|
|a Hradec Králové :
|b Balustráda,
|c 2011
|
| 300 |
|
|
|a 40 s. :
|b il. (některé barev.), mapy, plány ;
|c 20 cm
|
| 500 |
|
|
|a Název z obálky
|
| 550 |
|
|
|a Vydavatel: Společnost ochránců památek ve východních Čechách
|
| 648 |
|
7 |
|a 13.-14. století
|7 ch757054
|2 czenas
|
| 650 |
0 |
7 |
|a středověká architektura
|7 ph126227
|z Česko
|y 13.-14. stol.
|2 czenas
|
| 650 |
0 |
7 |
|a kostely
|7 ph114992
|z Česko
|2 czenas
|
| 650 |
0 |
7 |
|a kláštery
|7 ph121648
|z Česko
|2 czenas
|
| 650 |
0 |
9 |
|a medieval architecture
|z Czechia
|y 13th-14th centuries
|2 eczenas
|
| 650 |
0 |
9 |
|a churches
|z Czechia
|2 eczenas
|
| 650 |
0 |
9 |
|a monasteries
|z Czechia
|2 eczenas
|
| 655 |
|
7 |
|a informační publikace
|7 fd132454
|2 czenas
|
| 655 |
|
9 |
|a information publications
|2 eczenas
|
| 651 |
|
7 |
|a Hradec Králové (Česko)
|7 ge129332
|x dějiny
|2 czenas
|
| 651 |
|
9 |
|a Hradec Králové (Czechia)
|x history
|2 eczenas
|
| 710 |
2 |
|
|a Společnost ochránců památek ve východních Čechách
|7 ko2003183677
|
| 910 |
2 |
|
|a BOA001
|b 2-1264.717
|
| 990 |
|
|
|a BK
|
| 995 |
|
|
|a 01
|
| 991 |
|
|
|b 201105
|c NOV
|e n
|
| 996 |
6 |
|
|b 2610475868
|c 2-1264.717
|l MZK
|r Sklad / do 1 hodiny
|n 3
|p p.v.
|w 001175102
|u 000010
|a 1
|e BOA001
|j MZK50
|s P
|